Tecnología y ciencia / (Registro nro. 11507)

Detalles MARC
000 -LEADER
fixed length control field 01330nam a22003257a 4500
001 - CONTROL NUMBER
control field 000538
003 - CONTROL NUMBER IDENTIFIER
control field DO-SdBNP
005 - DATE AND TIME OF LATEST TRANSACTION
control field 20171110090612.0
007 - PHYSICAL DESCRIPTION FIXED FIELD--GENERAL INFORMATION
fixed length control field 000538
008 - FIXED-LENGTH DATA ELEMENTS--GENERAL INFORMATION
fixed length control field 161010b 2004 uy a ||||| |||| 00| 0 spa d
020 ## - INTERNATIONAL STANDARD BOOK NUMBER
International Standard Book Number 9974781086
040 ## - CATALOGING SOURCE
Original cataloging agency BPMSU
Language of cataloging spa
Transcribing agency BPMSU
082 #4 - DEWEY DECIMAL CLASSIFICATION NUMBER
Classification number 507
Item number F954t
100 1# - MAIN ENTRY--PERSONAL NAME
Personal name Fuentes, Alberto
245 10 - TITLE STATEMENT
Title Tecnología y ciencia /
Statement of responsibility, etc. redacción de textos Alberto Fuentes ; ilustraciones especiales Paulo Soveron, dirección editorial Carlos Eduardo Rodríguez.
246 13 - VARYING FORM OF TITLE
Title proper/short title Aprender ciencia y aplicar la tecnologia :
Remainder of title para comprender la naturaleza.
260 ## - PUBLICATION, DISTRIBUTION, ETC. (IMPRINT)
Place of publication, distribution, etc. Montevideo : Buenos Aires:
Name of publisher, distributor, etc. Arquetipo Grupo Editorial : Cultural Librera Americana ,
Date of publication, distribution, etc. 2004.
300 ## - PHYSICAL DESCRIPTION
Extent 360 p. :
Other physical details il. ;
Dimensions 28 cm.
505 0# - FORMATTED CONTENTS NOTE
Title Somos lo que generamos --
-- Objetos y servicios tecnológicos --
-- Necesidades vitales: alimentarse y comunicarse --
-- Diferentes formas de energía --
-- El espacio y el tiempo --
-- La cueva y las pieles.
650 #4 - SUBJECT ADDED ENTRY--TOPICAL TERM
Topical term or geographic name as entry element CIENCIA Y TECNOLOGíA
650 #4 - SUBJECT ADDED ENTRY--TOPICAL TERM
Topical term or geographic name as entry element CIENCIA
650 #4 - SUBJECT ADDED ENTRY--TOPICAL TERM
Topical term or geographic name as entry element TECNOLOGÍA
650 #4 - SUBJECT ADDED ENTRY--TOPICAL TERM
Topical term or geographic name as entry element ESPACIO Y TIEMPO
700 12 - ADDED ENTRY--PERSONAL NAME
Personal name Soveron, Paulo,
Relator term il.
700 12 - ADDED ENTRY--PERSONAL NAME
Personal name Rodríguez, Carlos Eduardo
910 ## - USER-OPTION DATA (OCLC)
User-option data Validado. Control de calidad MFF
942 ## - ADDED ENTRY ELEMENTS (KOHA)
Source of classification or shelving scheme Dewey Decimal Classification
Koha item type Libros
945 ## - LOCAL PROCESSING INFORMATION (OCLC)
a Invetariado extranjero / 2017 VM
956 ## - LOCAL ELECTRONIC LOCATION AND ACCESS (OCLC)
Access method LOPEREZ
Materials specified 10
Linkage 20161010
Field link and sequence number BPMSU
Host name 00041
Existencias
Withdrawn status Lost status Source of classification or shelving scheme Damaged status Not for loan Collection code Home library Current library Date acquired Source of acquisition Total Checkouts Full call number Barcode Date last seen Price effective from Koha item type
    Dewey Decimal Classification     Colección General Biblioteca Pública Metropolitana Salomé Ureña Biblioteca Pública Metropolitana Salomé Ureña 10/10/2016 Compra   507 F954t BPMSU16100027 10/10/2016 10/10/2016 Libros